00818nam a2200181 a 450000100100000000500170001000800410002704000250006808200150009310000380010824500890014626000400023530000270027550000740030259000680037695201750044499900170061900004528520201002050030.0150224s1969 dr a 000 0 spa d aDO-SdBNPbspacBNPHU axxxxbxxxx1 aPuig Ortiz, José Augusto95328410aPor el patrimonio histórico-cultural de Puerto Plata /cJosé Augusto Puig Ortiz. aSanto Domingo :bDel Caribe,c1969. a41 p. :bil. ;c23 cm. aIncluye referencias bibliográficas y notas al pie de las páginas. aPerteneció a la biblioteca personal del Dr. Guaroa Ginebra H. 0010718PDaPDbPDcHDd2015-02-24iLF1l0oxxxx xxxxp45285-10r2020-06-25w2020-06-25yLFPDzPerteneció a la biblioteca personal del Dr. Guaroa GinebraZNo se presta c44774d44774